00770nam a2200229 a 450000500170000000800410001704000270005804100080008504400070009308200160010011000620011624500500017825000220022826000840025030000670033465000200040165000300042165000160045166200130046770000280048070000320050820191224041623.0140304s2002 ck a gr|||| 000 0 spa d aCO-BoIAVH cCO-BoIAVH 0 aspa ack04a591.5bR37m2 aCorporación Autónoma Regional del Centro de Antioquia10aManual de identificación de fauna silvestre aSegunda edición aMedellín :bCorporación Autónoma Regional del Centro de Antioquia,c2002. a30 páginas :bIlustraciones (algunas a color) ;c14 x 19 cm.26aGuía de campo16aFauna silvestrevManuales26aTaxonomía aColombia1 aBodhert Rivera, Yocasta1 aRestrepo LLano, Juan Camilo